Japan : an economic survey

Uloženo v:
Podrobná bibliografie
Hlavní autor: Andrea Boltho
Médium: Kniha
Jazyk:Undetermined
Vydáno: London Oxford University Press 1975
Témata:
Tagy: Přidat tag
Žádné tagy, Buďte první, kdo otaguje tento záznam!
Thư viện lưu trữ: Trung tâm Học liệu Trường Đại học Cần Thơ
LEADER 00490nam a2200193Ia 4500
001 CTU_84669
008 210402s9999 xx 000 0 und d
082 |a 330.952 
082 |b B694 
100 |a Andrea Boltho 
245 0 |a Japan : 
245 3 |b an economic survey 
245 0 |c Andrea Boltho 
260 |a London 
260 |b Oxford University Press 
260 |c 1975 
650 |a economic conditions 
650 |z Japan 
980 |a Trung tâm Học liệu Trường Đại học Cần Thơ